| 000 | 00369nam a2200145Ia 4500 | ||
|---|---|---|---|
| 008 | 230312s9999||||xx |||||||||||||| ||und|| | ||
| 020 | _a81-775-8819-4 | ||
| 082 |
_a621.382 _bBER-P |
||
| 100 | _aBergen;Arthur.R | ||
| 245 | 0 | _aPower Systems Analysis | |
| 260 |
_bPearsons _aIndia _c2008 |
||
| 300 | _a629 | ||
| 650 |
_aEngineering _vElectrical Engineering |
||
| 942 | _cBK | ||
| 999 |
_c10444 _d10444 |
||